000 00839cam a2200241 a 4500
001 000005921
005 20200929151836.0
008 900803s1982 sp 001 p spa
020 _a8400051246
040 _aDO-SdBNP
_cDLC
082 _a861.64
_bV697s
100 1 _aVilas Vidal, Manuel,
_d1962-
_916704
245 1 3 _aEl sauce /
_cManuel Vilas Vidal.
260 _aZaragoza, España :
_bInstitución "Fernando el Católico,
_c1982.
300 _a54 p. ;
_c25 cm.
490 1 _aSan Jorge
_vvol. 27
490 1 _aPublicación de la Institución "Fernando el Católico"
_vno. 854
650 4 _aPoesía española
_9631
650 4 _aLiteratura española
_ySIGLO XXI
_94846
830 0 _aSan Jorge ;
_vvol. 27
_914367
830 0 _aPublicación de la Institución "Fernando el Católico" ;
_vno. 854.
_913716
910 _aCatalogación derivada
999 _c5717
_d5717